| 000 | 00828nam a2200241 a 4500 | ||
|---|---|---|---|
| 008 | 081014s2001 ||||||||||||||||| || u | ||
| 020 | _a0821349228 | ||
| 050 | _aIBRD(08)TP | ||
| 100 | _aKolb, Anthony A | ||
| 245 | 1 | 0 | _aUtility pricing and the poor: lessons from Armenia |
| 260 |
_aWashington, D.C. _bWorld Bank _c2001 |
||
| 300 | _axi, 38p.: ill. | ||
| 350 | _a0.00 | ||
| 490 | _aWorld Bank Technical Papers | ||
| 650 | _aENERGY POLICY--ARMENIA | ||
| 650 | _aPOOR--TANZANIA | ||
| 650 | _aARMENIA (REPUBLIC)--ECONOMIC CONDITIONS | ||
| 700 | _aLampietti, Julian A | ||
| 700 | _aGulyani, Sumila | ||
| 700 | _aAvenesyan, Vahram | ||
| 710 | _aWorld Bank | ||
| 995 |
_D0.00 _FCBU-MAIN LIBRARY (Kitwe) _H1 _I0.00 _M497 _UAVAILABLE _WOct 14, 2008 _ZInternational Publications |
||
| 999 |
_c61195 _d61195 |
||